| 000 | 00436nam a2200157Ia 4500 | ||
|---|---|---|---|
| 008 | 240729s9999 xx 000 0 und d | ||
| 022 | _a2311-5270 | ||
| 245 | 0 | _aJournal of Baghdad College of Dentistry | |
| 260 | _aIraq | ||
| 260 | _bCollege of Dentistry/ University of Baghdad | ||
| 650 | _a Dentistry | ||
| 650 | _aMedicine | ||
| 856 | _uhttps://doaj.org/toc/8789542850ed44fb95ac8f9c743663d7 | ||
| 942 | _2ddc | ||
| 942 | _cDOAJEJ | ||
| 999 |
_c67146 _d67146 |
||
| 945 |
_a1 _bMadushi Gamage _c1 _dMadushi Gamage |
||